STN ISO/IEC 13818-1: 2004 Informačné technológie všeobecné kódovanie pohyblivých obrazov a sprievodných zvukových informácií časť 1: systémy

Bibliographic Details
Format: Book
Language:Undetermined
Published: Bratislava Slovenský ústav technickej normalizácie 2004
Subjects:

MARC

LEADER 00000nam a2200000 a 4500
001 vtls001476189
003 SK-MaSNL
005 20260302002857.0
008 130607s2004 xo 0 und
035 |a SNK000431490 
040 |a SNK  |b slo  |c SNK  |e AACR2 
044 |a xo  |c SK 
245 1 |a STN ISO/IEC 13818-1: 2004 Informačné technológie  |b všeobecné kódovanie pohyblivých obrazov a sprievodných zvukových informácií  |n časť 1:  |p systémy 
260 |a Bratislava  |b Slovenský ústav technickej normalizácie  |c 2004 
500 |a Táto norma obsahuje slovenskú verziu ISO/IEC 13818-1: 2000 
655 7 |a normy  |2 SNK  |9 70643 
999 |c 989749  |d 991679 
952 |t P60, <03>, [BOOK], {603}  |a SNK  |b SNK  |y PREZ  |7 0  |p 17A0432005  |o snkSTN ISO/IEC 13818-1  |i snkN 2457/2004  |0 0  |1 0  |4 0  |d 2004-06-07  |l 0  |r 2005-01-02 00:00:00  |w 2026-02-24 
952 |t P66, <07>, [BOOK], {667}  |a SNK  |b SNK  |y PREZ  |7 0  |p 17A0432006  |o snkSTN ISO/IEC 13818-1 D1  |i snkN 2458/2004  |0 0  |1 0  |4 0  |d 2004-06-07  |l 0  |r 2005-01-02 00:00:00  |w 2026-02-24